Pays par panneau de directions - Statistiques

Statistiques générales
  • Ce quiz a été pris 28 fois
  • Le résultat moyen est 11 sur 16
Statistiques - réponses
Par images Réponse % Correct
Autriche
100%
Turquie
100%
Vietnam
96%
Corée du Sud
88%
Islande
85%
Pays-Bas
85%
Colombie
73%
Indonésie
62%
Canada
58%
Afrique du Sud
54%
Danemark
54%
Nouvelle-Zélande
54%
Sri Lanka
54%
Tunisie
54%
Argentine
38%
Slovaquie
38%
Aucun quiz correspondant
Distribution des résultats
% des personnes avec chaque résultat
Percentile par nombre de réponses
Votre historique - résultats
Vous n’avez pas pris ce quiz